Bengali Muslim public opinion as reflected in the Bangali press, 1901-1930 / (Record no. 23550)

MARC details
000 -LEADER
fixed length control field 00984cam a2200301 i 4500
001 - CONTROL NUMBER
control field 2214545
003 - CONTROL NUMBER IDENTIFIER
control field BDDh-ASL
005 - DATE AND TIME OF LATEST TRANSACTION
control field 20231015030246.0
008 - FIXED-LENGTH DATA ELEMENTS--GENERAL INFORMATION
fixed length control field 750305s1973 bg b 001 0 eng
010 ## - LIBRARY OF CONGRESS CONTROL NUMBER
LC control number 74902361
040 ## - CATALOGING SOURCE
Original cataloging agency DLC
Transcribing agency DLC
Modifying agency DLC
-- BDDh-ASL
043 ## - GEOGRAPHIC AREA CODE
Geographic area code a-ii---
050 00 - LIBRARY OF CONGRESS CALL NUMBER
Classification number PN5378.B5
Item number N8
082 00 - DEWEY DECIMAL CLASSIFICATION NUMBER
Classification number 301.4529
Item number NUB
100 2# - MAIN ENTRY--PERSONAL NAME
Personal name Nūraula Isalāma, Mustāphā,
Dates associated with a name 1927-
245 10 - TITLE STATEMENT
Title Bengali Muslim public opinion as reflected in the Bangali press, 1901-1930 /
Statement of responsibility, etc. Mustafa Nurul Islam.
250 ## - EDITION STATEMENT
Edition statement 1st ed.
260 ## - PUBLICATION, DISTRIBUTION, ETC.
Place of publication, distribution, etc. Dacca :
Name of publisher, distributor, etc. Bangla Academy,
Date of publication, distribution, etc. 1973.
300 ## - PHYSICAL DESCRIPTION
Extent 341 p. :
Dimensions 22 cm.
500 ## - GENERAL NOTE
General note "Based on research that was undertaken at the University of London for the degree of doctor of philosophy."
500 ## - GENERAL NOTE
General note Includes index.
500 ## - GENERAL NOTE
General note Tk25.00
504 ## - BIBLIOGRAPHY, ETC. NOTE
Bibliography, etc. note Bibliography: p. [326]-334.
650 #0 - SUBJECT ADDED ENTRY--TOPICAL TERM
Topical term or geographic name entry element Islamic press
Geographic subdivision Bengal.
650 #0 - SUBJECT ADDED ENTRY--TOPICAL TERM
Topical term or geographic name entry element Muslims
Geographic subdivision Bengal.
906 ## - LOCAL DATA ELEMENT F, LDF (RLIN)
a 7
b cbc
c orignew
d 4
e ncip
f 19
g y-gencatlg
942 ## - ADDED ENTRY ELEMENTS (KOHA)
Source of classification or shelving scheme Dewey Decimal Classification
Koha item type Books
Holdings
Withdrawn status Lost status Source of classification or shelving scheme Damaged status Not for loan Collection code Home library Current library Shelving location Date acquired Source of acquisition Total Checkouts Full call number Barcode Date last seen Copy number Price effective from Koha item type Public note
    Dewey Decimal Classification     Non-fiction Asiatic Society Library Asiatic Society Library General Stacks 03/27/2021 Prof. Azizul Haq and Prof. Husniara Huq Collections   301.4529 NUB 108037 03/27/2021 C-1 03/27/2021 Books RARE

Powered by Koha